000 00231nam a22000977a 4500
999 _c15858
_d15858
003 OSt
008 191022b ||||| |||| 00| 0 eng d
100 _aPartington,J R.
_94353
245 _aA textbook of Inorganic Chemistry
942 _cBK